Traditional Stripes and Lattices : Textile Design III

Saved in:
Bibliographic Details
Main Author: Yoshimoto, Kamon (Author)
Format: Book
Language:English
Published: Singapore : PAGE, 1993
Subjects:
Tags: Add Tag
No Tags, Be the first to tag this record!

MARC

LEADER 00000nam a22000003a 4500
001 stu123207
005 20150617225900.1
008 060713s1993------------------------eng-d
020 |a 981-00-4775-4 
040 |a STU  |b slo 
041 0 |a eng 
100 1 |a Yoshimoto, Kamon  |4 aut 
245 1 |a Traditional Stripes and Lattices :  |b Textile Design III 
260 |a Singapore :  |b PAGE,  |c 1993 
300 |a 158 s 
650 7 |a dizajn  |2 stusub 
650 7 |a textil  |2 stusub 
996 |b 284AU02536  |c A*4769 U  |l AAKNAR  |s A  |a 24  |w stu123207_0001